Manuel de la Cruz, alias "Sopiñas" (Record no. 189222)

MARC details
000 -LEADER
campo de control de longitud fija 01156nam a2200313 i 4500
001 - NÚMERO DE CONTROL
campo de control 189222
003 - IDENTIFICADOR DE NÚMERO DE CONTROL
campo de control SpMaBN
005 - FECHA Y HORA DE LA ÚLTIMA TRANSACCIÓN
campo de control 20250818012346.0
008 - DATOS DE LONGITUD FIJA--INFORMACIÓN GENERAL
campo de control de longitud fija 190426s2017 sp a |||| |bspa d
020 ## - NÚMERO INTERNACIONAL ESTÁNDAR DEL LIBRO
Número Internacional Estándar del Libro 978-84-16456-49-9
080 ## - NÚMERO DE LA CLASIFICACIÓN DECIMAL UNIVERSAL
Número de la Clasificación Decimal Universal 929 Cruz González, Manuel de la
080 ## - NÚMERO DE LA CLASIFICACIÓN DECIMAL UNIVERSAL
Número de la Clasificación Decimal Universal 343.712.1(460.111 Ferrol)"18"
100 1# - ENTRADA PRINCIPAL--NOMBRE DE PERSONA
Nombre de persona Santalla López, Manuela.
9 (RLIN) 166902
245 10 - MENCIÓN DEL TÍTULO
Título Manuel de la Cruz, alias "Sopiñas"
Resto del título : ¿capitán de bandoleros o comerciante ferrolano? /
Mención de responsabilidad, etc. Manuela Santalla y Juan Carlos Rico.
250 ## - MENCION DE EDICION
Mención de edición 1ª ed.
260 ## - PUBLICACIÓN, DISTRIBUCIÓN, ETC.
Lugar de publicación, distribución, etc. [Ferrol] :
Nombre del editor, distribuidor, etc. Embora,
Fecha de publicación, distribución, etc. 2017.
300 ## - DESCRIPCIÓN FÍSICA
Extensión 225 p. :
Otras características físicas il. ;
Dimensiones 21 cm.
490 1# - MENCIÓN DE SERIE
Mención de serie Biblioteca de Ferrolterra
500 ## - NOTA GENERAL
Nota general Apéndice documental.
504 ## - NOTA DE BIBLIOGRAFÍA, ETC.
Nota de bibliografía, etc. Bibliografía: p. 221-225.
600 14 - PUNTO DE ACCESO ADICIONAL DE MATERIA--NOMBRE DE PERSONA
Nombre de persona Cruz González, Manuel de la,
Fechas asociadas al nombre 1784-
9 (RLIN) 166903
650 #7 - PUNTO DE ACCESO ADICIONAL DE MATERIA--TÉRMINO DE MATERIA
Término de materia o nombre geográfico como elemento de entrada Bandolerismo-
Subdivisión geográfica Galicia.
9 (RLIN) 166904
700 1# - ENTRADA AGREGADA--NOMBRE PERSONAL
Nombre de persona Rico, Juan Carlos.
9 (RLIN) 166905
830 0# - PUNTO DE ACCESO ADICIONAL DE SERIE-TÍTULO UNIFORME
Título uniforme Biblioteca de Ferrolterra
9 (RLIN) 225795
852 ## - LOCALIZACIÓN
Ubicación ES-MaACL
Número de control de estantería A-14511
itemnumber 196360
Sublocalización o colección R.152015
Ubicación en estantería Depósito 1
Signatura antigua Olim: N-7511
Donativo/Legado Donación: Manuela Santalla
903 ## - NOMBRE PERSONAL DE DONANTE
9 166902
a Santalla López, Manuela
e Donante
942 ## - ELEMENTOS DE ENTRADA SECUNDARIOS (KOHA)
Fuente del sistema de clasificación o colocación Clasificación decimal universal
Tipo de ítem Koha Libro impreso
Holdings
Estatus retirado Estado de pérdida Fuente del sistema de clasificación o colocación Estado de daño No para préstamo Biblioteca de origen Biblioteca actual Ubicación en estantería Fecha de adquisición Fuente de adquisición Total de préstamos Signatura topográfica completa Código de barras Visto por última vez Precio de reemplazo Tipo de ítem Koha
    Clasificación decimal universal     Biblioteca del Ateneo de Madrid Biblioteca del Ateneo de Madrid Depósito 1 26/04/2019 Donación   A-14511 1200417 23/02/2023 23/02/2023 Libro impreso